Normal view
MARC view
- تصنيف ، عبد الصبور مرزوق
Entry Personal Name
001 - CONTROL NUMBER
- control field: 20444
003 - CONTROL NUMBER IDENTIFIER
- control field: JO-AjAnu
005 - DATE AND TIME OF LATEST TRANSACTION
- control field: 20230606073545.0
008 - FIXED-LENGTH DATA ELEMENTS
- fixed length control field: 230606|| aca||aabn | a|a d
040 ## - CATALOGING SOURCE
- Original cataloging agency: JO-AjAnu
- Transcribing agency: JO-AjAnu
100 ## - HEADING--PERSONAL NAME
- Personal name: تصنيف ، عبد الصبور مرزوق
670 ## - SOURCE DATA FOUND
- Source citation: Work cat.: (JO-AjAnu)10498: تصنيف ، عبد الصبور مرزوق, author, معجم الأعلام والموضوعات فى القرآن الكريم، مج1، ج2